Agridulces políticos y literarios (Record no. 166849)

MARC details
000 -LEADER
campo de control de longitud fija 00853nam a2200205 i 4500
001 - NÚMERO DE CONTROL
campo de control 166849
003 - IDENTIFICADOR DE NÚMERO DE CONTROL
campo de control ES-MaACL
005 - FECHA Y HORA DE LA ÚLTIMA TRANSACCIÓN
campo de control 20251011063150.0
008 - DATOS DE LONGITUD FIJA--INFORMACIÓN GENERAL
campo de control de longitud fija 931025s1892 sp |||| | spa d
080 ## - NÚMERO DE LA CLASIFICACIÓN DECIMAL UNIVERSAL
Número de la Clasificación Decimal Universal 821.134.2-4"18"
100 1# - ENTRADA PRINCIPAL--NOMBRE DE PERSONA
Nombre de persona Valbuena, Antonio de,
Fechas asociadas al nombre 1844-1929
9 (RLIN) 112452
245 10 - MENCIÓN DEL TÍTULO
Título Agridulces políticos y literarios
Resto del título : Primera toma /
Mención de responsabilidad, etc. por Antonio de Valbuena (Miguel de Escalada).
260 ## - PUBLICACIÓN, DISTRIBUCIÓN, ETC.
Lugar de publicación, distribución, etc. Madrid :
Nombre del editor, distribuidor, etc. La España Editorial,
Fecha de publicación, distribución, etc. 1892 (
Fabricante en la Imp. de J. Cruzado)
300 ## - DESCRIPCIÓN FÍSICA
Extensión 2 v. (251, 253 p.) ;
Dimensiones 17 cm.
530 ## - NOTA DISPONIBLE DE FORMULARIO FÍSICO ADICIONAL
Nota de formato físico adicional disponible Disponible en formato digital.
594 ## - Nota al título y mención de responsabilidad
Nota al título y mención de responsabilidad Miguel de Escalada es seud. de Antonio de Valbuena.
852 ## - LOCALIZACIÓN
Ubicación ES-MaACL
Número de control de estantería F-10845-46
Nota libre -- Enc. hol. conservando la cub. original
856 ## - LOCALIZACIÓN Y ACCESO ELECTRÓNICOS
Identificador Uniforme de Recursos <a href="http://bdh-rd.bne.es/viewer.vm?id=0000013288&page=1 ">http://bdh-rd.bne.es/viewer.vm?id=0000013288&page=1 </a>
Nota pública Biblioteca Digital Hispánica
Holdings
Estatus retirado Estado de pérdida Estado de daño No para préstamo Colección Biblioteca de origen Biblioteca actual Ubicación en estantería Fecha de adquisición Fuente de adquisición Total de préstamos Signatura topográfica completa Código de barras Visto por última vez Precio de reemplazo Tipo de ítem Koha
        Colección digital Biblioteca del Ateneo de Madrid Biblioteca del Ateneo de Madrid Sala Pecera Planta 2 17/01/2008     F-10845 1175015 23/02/2023 23/02/2023 Libro impreso antiguo